[Event "FRA-chT2 Nord (Women)"]
[Site "France"]
[Date "2005.02.??"]
[Round "3"]
[White "Desmet, Cassandra"]
[Black "Dhaussy, Zelie"]
[Result "0-1"]
[WhiteElo "1180"]
[BlackElo "1500"]
[PlyCount "114"]
[EventDate "2005.03.01"]
[EventType "team"]
[EventRounds "3"]
[EventCountry "FRA"]
[SourceTitle "EXT 2007"]
[Source "ChessBase"]
[SourceDate "2006.11.23"]
[SourceVersion "1"]
[SourceVersionDate "2006.11.23"]
[SourceQuality "1"]

1. e4 c5 2. Nf3 Nc6 3. d4 e6 4. dxc5 Bxc5 5. Bc4 Nge7 6. Nc3 0-0 7. Bg5 h6 8. Bxe7 Nxe7 9. Qd2 b6 10. 0-0 Bb7 11. a3 d5 12. Bd3 Qd7 13. Bb5 Qd8 14. e5 Ng6 15. b4 Be7 16. Na4 a6 17. Bd3 b5 18. Nc5 Bxc5 19. bxc5 Rc8 20. Qe3 Qe7 21. a4 Qxc5 22. Qe2 Nf4 23. Qd2 Nxd3 24. cxd3 d4 25. Rac1 Qa7 26. Rb1 Bxf3 27. gxf3 bxa4 28. Kh1 Qa8 29. Rg1 Qxf3+ 30. Rg2 f6 31. Rbg1 Kh7 32. h3 fxe5 33. Kh2 Rf7 34. Rg3 Qxf2+ 35. R1g2 Qxd2 36. Rxd2 a3 37. Ra2 Rc3 38. Rg1 Rxd3 39. Re1 Rf5 40. Kg2 Rg5+ 41. Kh2 a5 42. Ree2 g6 43. Rf2 Rf5 44. Rfc2 Rc3 45. Rd2 d3 46. Kg2 e4 47. Rd1 e3 48. Rb1 Rf7 49. Raa1 Rc2+ 50. Kg3 a2 51. Rg1 d2 52. Rg2 Rc1 53. Rxa2 d1Q 54. Rxa5 Qf3+ 55. Kh2 Qf4+ 56. Rg3 Rc2+ 57. Kg1 Qf1# 0-1